| 000 | 00721nam a22002177a 4500 | ||
|---|---|---|---|
| 003 | OSt | ||
| 005 | 20260521114148.0 | ||
| 008 | 260521b |||||||| |||| 00| 0 eng d | ||
| 020 | _a9789970411368 | ||
| 040 |
_aKABLIB _beng _cKABLIB |
||
| 082 |
_223 _a630 _bLUB |
||
| 100 |
_aLubega Flavia _eauthor _915813 |
||
| 245 |
_aAgriculture Education for primary Teacher Education (PTE) _cCharles Lubega and Flavia Nabatanzi _b Year 1 |
||
| 260 |
_aKampala : _bElimu Publishers Ltd, 2019. _cc 2019 |
||
| 300 |
_aviii,210p.; _bill, (col).; _c27 cm. |
||
| 650 | _aAgriculture | ||
| 700 |
_aNabatanzi Flavia _eauthor _915814 |
||
| 700 |
_aMugerwa Moses _eCover design _915815 |
||
| 700 |
_aOkia Martin _eEditor _915816 |
||
| 942 |
_2ddc _cBOOK |
||
| 999 |
_c6219 _d6219 |
||